MARC

LEADER 00000nam0a2200000 4500
001 240965
005 20231101231759.0
010 |a 5030013547 
020 |a RU  |b 90-17888 
035 |a (RuTPU)RU\TPU\book\262227 
090 |a 240965 
100 |a 20130628d1990 k y0rusy5003 ca 
101 1 |a rus  |c eng 
102 |a RU 
105 |a a z 001zy 
200 1 |a Ракетные двигатели на химическом топливе  |e пер. с англ.  |f И. Тимнат  |g пер. В. А. Вебера, С. М. Фролова 
210 |a Москва  |c Мир  |d 1990 
215 |a 292 с.  |c ил.  |d 22 см 
320 |a Библиогр.: с. 8-9 (17 назв.), 279-287 (186 назв.) 
320 |a Предм.-имен. указ.: с. 288-290. 
606 1 |a Ракетное топливо  |x Жидкое  |2 stltpush  |3 (RuTPU)RU\TPU\subj\23676  |9 48223 
610 1 |a ракетные двигатели 
610 1 |a рабочие процессы 
610 1 |a химическое топливо 
610 1 |a термохимия 
610 1 |a ракетное топливо 
610 1 |a горение 
610 1 |a воспламенение 
610 1 |a прогнозирование 
610 1 |a применение 
610 1 |a космические исследования 
675 |a 621.454.2  |z rus 
700 1 |a Тимнат  |b И.  |g Иаков  |4 070 
702 1 |a Вебер  |b В. А.  |4 730 
702 1 |a Фролов  |b С. М.  |4 730 
801 0 |a RU  |b RuMRKP  |c 19950417  |g psbo 
801 1 |a RU  |b 63413507  |c 20130628 
801 2 |a RU  |b 63413507  |c 20140116  |g RCR 
942 |c BK